MDQL
is popping MORE tags! Check the
thread
!
Quizzes
Events
Quiz Creation
Community
Videos
Private Events
Remove Ads
Sign In
Join for FREE
Feedback
Dark Mode
Quiz Categories
Sports
Geography
Music
Movies
Television
Just For Fun
Miscellaneous
History
Literature
Language
Science
Gaming
Entertainment
Religion
Holiday
For Kids
Quiz Lab
Recent
Popular Today
Quiz Kudos Today
Editor Picks
Curator Picks
Quizzes by...
Day
Popularity
Type
Ratings
Length
Year
Community
Subscriptions
Recent Discussions
Orange Saloon
Badges
Playlists
Quests
Create
Leaderboards
Showdown
Live 5
Trivia Bingo
Activity
Puzzle Library
Sporcle Events
Private Events
Virtual Trivia
Globe League
Become a Host
Pub Owners
SporcleCon
Opinionation
Our Games
Videos
Blog
Mobile Apps
Partnerships
Remove Ads and Go Orange
Feedback
Movies
Disney
Marvel Cinematic Universe
Movie Resume
Movie Titles
Oscar
Actor
Actress
Director
Pixar
Role
Movie Quotes
Movie Characters
Box Office
Nominee
Best Picture
Star Wars
James Bond
Horror Movies
Movies
Disney
Marvel Cinematic Universe
Movie Resume
Movie Titles
Oscar
Actor
Actress
Director
Pixar
Role
Movie Quotes
Movie Characters
Box Office
Nominee
Best Picture
Star Wars
James Bond
Horror Movies
Random Quiz
Search Sporcle
×
Quiz Lab
Quiz Lab
Movies
Oscar
Select answers by clicking on text or image buttons
Select answers by clicking on text or image buttons
Clickable
Best Score? Go Orange.
1940's Best Director Nominees by Film (Clickable) Stats
Can you pick the Academy Award Best Director Nominees of the 1940's by the film they were nominated for?
By
injustice
20m
50 Questions
100 Plays
100 Plays
100 Plays
Comments
Comments
Give Quiz Kudos
Give Quiz Kudos
-
- Ratings
hide this ad
Forced Order
Answers have to be entered in order
Answers have to be entered in order
Replay
Link that replays current quiz
Next Quiz
Link to next quiz in quiz playlist
You Got
0%
They Got
Avg Score
66%
Avg Friend Score
Upgrade to see
Score Distribution
Jump to the score distribution portion of the page
Score
0/50
Timer
20:00
0
Plays Today
% Correct
Alfred Hitchcock
96%
Alfred Hitchcock
95%
Alfred Hitchcock
95%
Orson Welles
93%
John Huston
93%
Frank Capra
92%
John Ford
91%
David Lean
91%
David Lean
91%
Laurence Olivier
91%
John Ford
90%
Billy Wilder
90%
Michael Curtiz
89%
Otto Preminger
88%
Billy Wilder
88%
Elia Kazan
85%
Leo McCarey
83%
William Wyler
83%
William Wyler
83%
William Wyler
81%
William Wyler
81%
Michael Curtiz
81%
William Wyler
80%
Leo McCarey
78%
Joseph L. Mankiewicz
76%
% Correct
Robert Siodmak
70%
Carol Reed
67%
Robert Rossen
67%
George Cukor
64%
Ernst Lubitsch
64%
George Cukor
62%
Clarence Brown
56%
Jean Renoir
56%
Howard Hawks
55%
Fred Zinnemann
49%
Edward Dmytryk
46%
George Stevens
45%
Henry Koster
45%
Clarence Brown
44%
Henry King
42%
Henry King
36%
Anatole Litvak
35%
Jean Negulesco
35%
Sam Wood
34%
Clarence Brown
34%
Alexander Hall
33%
John Farrow
33%
William A. Wellman
32%
Sam Wood
31%
Mervyn LeRoy
27%
Quiz Playlist
Details
Report
Send in Message
Add To Playlist
Clickable:
Select answers by clicking on text or image buttons
Forced Order:
Answers have to be entered in order
Last Updated: Feb 16, 2017
Quiz Scoreboard
CHALLENGE
Sign Up to Join the Scoreboard
Show All
Scores
Hide
Comments
May contain spoilers
Recently Published
Image Sorting: Flags VI
by Barbecue
Geography
2m
Find the 'City' Movie
by crazypaving
Movies
60s
Colored Red Africa Blitz
by spor1
Geography
45s
More to Explore
Quiz From the Vault
Featured Blog Post
14 Easter Pick-up Lines to Find Eggs With
hide this ad
You Might Also Like...
Tags
Clickable Quiz
Director Quiz
Oscar Quiz
1940s
Academy Awards
Best Director
Oscar Nominated
Today's Top Quizzes in Movies
Browse Movies
hide this ad
Today's Top Quizzes in Oscar
Browse Oscar
Top Contributed Quizzes in Movies
1
Find The 'Big' Movie
2
Find The 'Wild' Movie
3
Find The 'Blue' Movie
4
Movies By Plot
5
Hidden Star Wars Character II
6
Pick 5 Posters: Directed by Spielberg
7
The ultimate James Bond movie quiz
8
Hidden Star Wars Character III
9
Hidden Star Wars Character IV
10
25 Best Actor Nominees (1990s)
Explore More
Trending Topics
Crossword
Anime
Disney
Marvel
Kpop
Harry Potter
NBA
The Office
WWE
Pokémon
NFL
Soccer
Country
Song
Puzzle
hide this ad
More By:
injustice
Quiz
Plays
Rating
Category
Featured
Created
Best Picture Nominees of the 90's by Quote (Clickable)
2,263
4.85
Movies
Jun 10, 2014
AFI Top 100 Movies By Quote (Clickable)
1,232
4.64
Movies
Jun 5, 2014
2000's Best Director Nominees by Film (Clickable)
891
4.47
Movies
Jul 10, 2014
Best Picture Nominees of the 00's by Quote (Clickable)
656
5.00
Movies
Jun 11, 2014
Golden Globe Best Actor Winners (Drama)
432
5.00
Movies
Dec 16, 2009
Go to Creator's Profile
Score Distribution
Quiz Creator Spotlight
injustice
Follow
Send a Message
Quizzes Created
-
Created Quiz Play Count
-
More By This Creator
Popular Quizzes Today
1
Colored Red Africa Blitz
2
Find the US States - No Outlines Minefield
3
Find the 'City' Movie
4
5x2 Blitz: Bands
5
The Countries of the World
6
Find the US States
7
Find the Countries of Europe - No Outlines Minefield
8
US States
More Movies Quizzes
Oscar Nominated Screenplays - 1991
Editor's Pick
Trending Quizzes
Colored Red Europe Blitz I
Colored Red Europe Blitz II
Colored Red Africa Blitz II
Colored Red Europe Blitz III
Colored Red Africa Blitz III
Recently Updated
How Do You Spell That?
pecheneg
Godzilla Movies
pecheneg
Grab Bag: 4-10 Letters
pecheneg
2024 March Madness Bracket
pecheneg
Famous TV Couples
Peacemaker
Champions League XIs: Real Madrid
pecheneg
Largest US Cities 1790-2010
pecheneg
Rides in Walt Disney World
pecheneg
Most Oscar Losses (Acting)
pecheneg
Beyoncé Albums
pecheneg
Trending Topics
Disney
Crossword
Kpop
Marvel
Anime
NBA
Harry Potter
NFL
Pokémon
Soccer
WWE
Song
The Office
Country
Puzzle
Your Account Isn't Verified!
In order to create a playlist on Sporcle, you need to verify the email address you used during registration. Go to your
Sporcle Settings
to finish the process.
Report this User
Report this user for behavior that violates our
Community Guidelines
.
Details:
Send Report
Go to the Sporcle.com Mobile Site →
Comments